Statistics for Architectural Landmarks by Clue

Click here to take the quiz!

General Stats

  • This quiz has been taken 45 times
  • The average score is 8 of 15

Answer Stats

ClueBuilding% Correct
Arguably India's most iconic tourist attraction, it is a white stone mausoleumTaj Mahal
87%
This art museum is famous for the Mona Lisa and a glass pyramid by I.M. PeiLouvre
84%
This iconic concert hall designed by Jørn Utzon brought massive income to AustraliaSydney Opera House
84%
As Renzo Piano's most famous work, it is the tallest skyscraper in London and the EUThe Shard
76%
A famous Art Deco building, it was the world's tallest before the Empire StateChrysler Building
74%
This iconic Frank Lloyd Wright work is a house built over a waterfallFallingwater
74%
This famous temple in Athens is one of the most known Classical buildingsParthenon
71%
As one of the most famous skyscrapers, in 2009 it became the world's tallestBurj Khalifa
68%
It is an early New York high-rise, known for being on a sharp street cornerFlatiron Building
42%
An icon of St. Louis symbolizing the West, it is Eero Saarinen's most famous workGateway Arch
42%
It is one of the largest churches, and the most famous landmark of Vatican CitySt. Peter's Basilica
42%
This titanium-clad museum by Frank Gehry was made to expand upon one in New YorkGuggenheim Bilbao
26%
This place of worship in Delhi is the most visited Baha'i temple in the worldLotus Temple
26%
This French villa is one famous work of Le Corbusier and in the International StyleVilla Savoye
26%
It is an iconic high-tech style seat of local government by Norman FosterLondon City Hall
11%

Score Distribution

Percentile by Number Answered

Percent of People with Each Score

Your Score History

You have not taken this quiz